000 00304nam a22001457a 4500
003 SGT
020 _a9789375785952
082 _a332.10
_bTAX
100 _aTAXMAN
245 _aDIGITAL BANKING
260 _aINDIA
_bTAXTMAN PUB.
_c2024
300 _a444
650 _aDIGITAL BANKING
942 _2ddc
_cBK
999 _c29497
_d29497